Strange nucleon form factors in the perturbative chiral quark model; Physical Review C; Vol. 66, iss. 5
| Parent link: | Physical Review C: covering nuclear physics.— , 1970- Vol. 66, iss. 5.— 2002.— [055204, 8 р.] |
|---|---|
| Other Authors: | , , , |
| Summary: | Title screen We apply the perturbative chiral quark model at one loop to calculate the strange form factors of the nucleon. A detailed numerical analysis of the strange magnetic moments and radii of the nucleon, and also the momentum dependence of the form factors is presented. Режим доступа: по договору с организацией-держателем ресурса |
| Language: | English |
| Published: |
2002
|
| Subjects: | |
| Online Access: | https://doi.org/10.1103/PhysRevC.66.055204 |
| Format: | Electronic Book Chapter |
| KOHA link: | https://koha.lib.tpu.ru/cgi-bin/koha/opac-detail.pl?biblionumber=656932 |
MARC
| LEADER | 00000naa0a2200000 4500 | ||
|---|---|---|---|
| 001 | 656932 | ||
| 005 | 20251101163829.0 | ||
| 035 | |a (RuTPU)RU\TPU\network\23412 | ||
| 035 | |a RU\TPU\network\23382 | ||
| 090 | |a 656932 | ||
| 100 | |a 20171221d2002 k||y0rusy50 ba | ||
| 101 | 0 | |a eng | |
| 102 | |a US | ||
| 135 | |a drcn ---uucaa | ||
| 181 | 0 | |a i | |
| 182 | 0 | |a b | |
| 200 | 1 | |a Strange nucleon form factors in the perturbative chiral quark model |f V. E. Lyubovitskiy (Lyubovitskij) [et al.] | |
| 203 | |a Text |c electronic | ||
| 300 | |a Title screen | ||
| 320 | |a [References: 37 tit.] | ||
| 330 | |a We apply the perturbative chiral quark model at one loop to calculate the strange form factors of the nucleon. A detailed numerical analysis of the strange magnetic moments and radii of the nucleon, and also the momentum dependence of the form factors is presented. | ||
| 333 | |a Режим доступа: по договору с организацией-держателем ресурса | ||
| 461 | |t Physical Review C |o covering nuclear physics |d 1970- | ||
| 463 | |t Vol. 66, iss. 5 |v [055204, 8 р.] |d 2002 | ||
| 610 | 1 | |a труды учёных ТПУ | |
| 610 | 1 | |a электронный ресурс | |
| 610 | 1 | |a эксперимены | |
| 610 | 1 | |a пионы | |
| 701 | 1 | |a Lyubovitskiy (Lyubovitskij) |b V. E. |c physicist |c Professor of Tomsk Polytechnic University, Doctor of physical and mathematical sciences, Professor of the University of Tubingen (Germany) |f 1963- |g Valery Efimovich |3 (RuTPU)RU\TPU\pers\33385 |9 17080 | |
| 701 | 1 | |a Wang |b P. | |
| 701 | 1 | |a Gutsche |b Th. | |
| 701 | 1 | |a Faessler |b A. | |
| 801 | 2 | |a RU |b 63413507 |c 20171225 |g RCR | |
| 856 | 4 | 0 | |u https://doi.org/10.1103/PhysRevC.66.055204 |
| 942 | |c CF | ||